• 首页
  • 本馆介绍
  • 公告通知
  • 最新文献
  • 馆藏检索
  • 电子资源
  • 读者导购
  • 参考咨询
  • 我的图书馆
  • 登录
  • 详细信息显示
  • 放入我的书架
  • 预约/预借图书
  • 作者相关作品
  • 分类相关作品
  • 丛书相关作品
  • 出版社相关作品

书目信息

  • 表格格式
  • 工作单格式
  • 卡片格式
题名:
论小提琴演奏与教学
    
 
作者: 扬凯列维奇 , Янкелевич 著 ;刁蓓华 译
分册:  
出版信息: 北京   人民音乐出版社  2002
页数: 268页
开本: 19cm
丛书名:
单 册:
中图分类: J622.16
科图分类:
主题词: 小提琴--奏法 , CT--S082582--小提琴 , CT--S099674--奏法 , 小提琴--教学法 , CT--S038762--教学法
电子资源:
ISBN: 7-103-02444-8
000 01116nam0 2200301 450
001 002237371
005 20070806180116.35
010    @a7-103-02444-8@dCNY13.10
100    @a20030123d2002 em y0chiy0110 ea
101 1  @achi@crus
102    @aCN@b110000
105    @aa z 000yy
200 1  @a论小提琴演奏与教学@9lun xiao ti qin yan zou yu jiao xue@f(苏)尤·伊·扬凯列维奇(Ю.И.Янкелевич)著@g刁蓓华译
210    @a北京@c人民音乐出版社@d2002@h2005
215    @a268页@c照片@d19cm
305    @a中华版权代理总公司代理授权出版
330    @a本书是一部关于小提琴教学方面的优秀论著,首先介绍了艻联小提琴教授尤·伊·扬凯列维奇的教学观点,另外还收录了他的《演奏小提琴的基本姿势》和《换把与艺术性演奏的关系》两篇论文。
606 0  @a小提琴@x奏法
606 0  @2CT@3S082582@a小提琴
606 0  @2CT@3S099674@a奏法
606 0  @a小提琴@x教学法
606 0  @2CT@3S038762@a教学法
690    @aJ622.16@v4
701  1 @a扬凯列维奇@9yang kai lie wei qi@bЮ.И.@4著
701  1 @aЯнкелевич@bЮ.И.@4著
702  0 @a刁蓓华@9diao bei hua@4译
801  0 @aCN@bNLC@c20070806
905    @a10447@dJ622.16@e201
    
    论小提琴演奏与教学/(苏)尤·伊·扬凯列维奇(Ю.И.Янкелевич)著/刁蓓华译.-北京:人民音乐出版社,2002(2005)
    268页:照片;19cm
    
    
    ISBN 7-103-02444-8:CNY13.10
    本书是一部关于小提琴教学方面的优秀论著,首先介绍了艻联小提琴教授尤·伊·扬凯列维奇的教学观点,另外还收录了他的《演奏小提琴的基本姿势》和《换把与艺术性演奏的关系》两篇论文。
●
相关链接 在E读中查询图书 在五车中查询图书 在当当中查询图书 在豆瓣中查询图书


正题名:论小提琴演奏与教学     索取号:J622.16/201         预约/预借

序号 登录号 条形码 馆藏地/架位号 状态 备注
1 0804633   208046336   第一样本阅览室/ [索取号:J622.16/201] 在馆    
2 0804634   208046345   第一借阅区/ [索取号:J622.16/201] 在馆    
3 0804635   208046354   第一借阅区/ [索取号:J622.16/201] 在馆    
4 0804636   208046363   第一借阅区/ [索取号:J622.16/201] 在馆    
5 0804637   208046372   密集书库-音乐系/ [索取号:J622.16/201] 在馆    
唐山师范学院图书馆 欢迎您!
大连网信软件有限公司© 版权所有